000 00745nmm a2200277 a 4500
003 AR-BaBNM
005 20251128211357.0
008 104020s2003 ||||||||||||||000 | spa||
020 _a950-808-394-8
040 _cAR-BaBNM
100 1 _aMiranda, María J.
245 1 0 _aMaestros, alumnos y conocimiento en contextos de pobreza
250 _a1ª ed.
260 _aRosario
_bHomo Sapiens Ediciones
_c2003
300 0 _a103 p.
504 _aContiene bibliografía p. 101-103
650 4 _aPOBREZA
650 4 _aCONOCIMIENTO
650 4 _aCURRICULO
650 4 _aRESULTADOS DE INVESTIGACION
650 4 _aPAPEL DE LA ESCUELA
653 0 _aCONTENIDOS CURRICULARES
700 1 _aVega, María I.
942 _cBK
998 _craquel
999 _c19412
_d19412